000 00613nam a2200193Ii 4500
003 JO-AjNU
008 230605s9999||||xx |||||||||||||| ||und||
040 _aJO-AjNU
_bara
_erda
_cJO-AjNU
041 _aara
050 1 4 _aPJ7820 1996
100 3 _aرجب، رضا,
_eauthor
_952087
245 0 0 _aكتاب تشرين: مسيرة المجد في خمسة وعشرين عاما
264 3 1 _aدمشق: دار الينابيع، 1996
300 _a362ص
336 _atext
_btxt
_2rdacontent
337 _aunmediated
_bn
_2rdamedia
338 _avolume
_bnc
_2rdacarrier
650 4 _aالشعر العربي
_952088
999 _aA23052
_c26620
_d26620